00510 2200193 4500001002100000005001500021035002000036008004100056245003400097100001900131250002000150260004100170300003100211020001800242082001000260084001600270650001600286990001400302INLIS00000000000042120250604125358 a0010-0625000119250604 j 1 ind 1 aKakek Dumbo /cMohamad Sobary aMohamad Sobary aCetakan pertama aJakarta :bPT Penebar Swadaya,c2008 a30 hlm :bIlus ;c15x21 cm a979-8031-56-3 a028.5 a028.5 MOH k 4aKakek Dumbo a0704/2024